000 00749nam a2200205Ii 4500
003 JO-AjNU
008 230605s9999||||xx |||||||||||||| ||und||
040 _aJO-AjNU
_bara
_erda
_cJO-AjNU
041 _aara
050 1 4 _aDS110.G5.N942 2017
100 3 _aتحرير نوفل، احمد سعيد، تحرير جواد احمد ,
_eauthor
_959571
245 0 0 _aمعركة غزة تحول استراتيجي في المواجهة مع اسرائيل
250 _aط1
264 3 1 _aعمان: مركز الدراسات الشرق الاوسط،، 2017
300 _a244ص
336 _atext
_btxt
_2rdacontent
337 _aunmediated
_bn
_2rdamedia
338 _avolume
_bnc
_2rdacarrier
650 4 _aمعارك اسلامية -تاريخ
_959572
999 _aA26814
_c30382
_d30382